The "green agenda" is rising for FMs (Record no. 84057)

MARC details
000 -LEADER
fixed length control field 01198cad a22002175a 4500
001 - CONTROL NUMBER
control field L156530
008 - FIXED-LENGTH DATA ELEMENTS--GENERAL INFORMATION
fixed length control field 120601e2012 xxk 000 0 eng d
035 ## - SYSTEM CONTROL NUMBER
System control number (Sirsi) u156530
041 0# - LANGUAGE CODE
Language code of text/sound track or separate title eng
110 2# - MAIN ENTRY--CORPORATE NAME
Corporate name or jurisdiction name as entry element FM World
9 (RLIN) 5643
245 04 - TITLE STATEMENT
Title The "green agenda" is rising for FMs
Medium [electronic resource]
260 ## - PUBLICATION, DISTRIBUTION, ETC.
Date of publication, distribution, etc. 2012
490 #0 - SERIES STATEMENT
Series statement FM World Online
Volume/sequential designation 24 May 2012
520 ## - SUMMARY, ETC.
Summary, etc. A new survey from Asset Skills shows the green agenda in facilities management continuing to rise in importance. 53% of respondents believe that green issues are very important to their organisation and 67% of respondents stated that green issues have become more important to their organisation in the last 18 months. In terms of the factors that would motivate them to be more sustainable in future, financial savings were identified by 93%, environmental benefits by 67%, legislation by 47%, personal motivation by 33% of respondents.
590 ## - LOCAL NOTE (RLIN)
Local note KA
651 #4 - SUBJECT ADDED ENTRY--GEOGRAPHIC NAME
Geographic name United Kingdom
690 ## - LOCAL SUBJECT ADDED ENTRY--TOPICAL TERM (OCLC, RLIN)
Topical term or geographic name as entry element Facilities management
9 (RLIN) 6240
690 ## - LOCAL SUBJECT ADDED ENTRY--TOPICAL TERM (OCLC, RLIN)
Topical term or geographic name as entry element Sustainability
9 (RLIN) 6271
856 40 - ELECTRONIC LOCATION AND ACCESS
Uniform Resource Identifier <a href="https://www.fm-world.co.uk/news/fm-industry-news/the-green-agenda-is-rising-for-fms/">https://www.fm-world.co.uk/news/fm-industry-news/the-green-agenda-is-rising-for-fms/</a>
Public note View the article at www.fm-world.co.uk
942 ## - ADDED ENTRY ELEMENTS (KOHA)
Suppress in OPAC 0
Holdings
Withdrawn status Lost status Source of classification or shelving scheme Damaged status Not for loan Home library Current library Shelving location Date acquired Total Checkouts Full call number Barcode Date last seen Copy number Price effective from Koha item type
    Dewey Decimal Classification     Virtual Virtual Online 01/06/2012   ONLINE PUBLICATION 156530-2001 06/08/2019 1 06/08/2019 Journal article